书目信息 |
| 题名: |
网络信息采集与应用
|
|
| 作者: | ;南京航空航天大学图书馆 编 | |
| 分册: | ||
| 出版信息: | 北京 清华大学出版社 2005 |
|
| 页数: | 366页 | |
| 开本: | 26cm | |
| 丛书名: | ||
| 单 册: | ||
| 中图分类: | G354.4 | |
| 科图分类: | ||
| 主题词: | 计算机网络--ji suan ji wang luo--情报检索 | |
| 电子资源: | ||
| ISBN: | 7-302-10861-7 | |
| 000 | 00910nam0 2200217 450 | |
| 005 | 20061101082957.60 | |
| 010 | @a7-302-10861-7@dCNY32.00 | |
| 100 | @a20050919d2005 ekmy0chiy0121 ea | |
| 101 | 0 | @achi |
| 102 | @aCN@b110000 | |
| 105 | @aa a 000yy | |
| 200 | 1 | @a网络信息采集与应用@Awang luo xin xi cai ji yu ying yong@f南京航空航天大学图书馆组编 |
| 210 | @a北京@c清华大学出版社@d2005 | |
| 215 | @a366页@c图@d26cm | |
| 320 | @a有书目(第365-366页)。 | |
| 330 | @a本书立足于网络信息资源的采集与应用,对网络信息资源概况、网络信息处理方式及关键技术进行了系统阐述,对网络信息检索工具的使用、联机检索技术及其应用、非WWW网络信息的采集和网络竞争情报的采集与分析进行了详细的讨论。 | |
| 606 | 0 | @a计算机网络@Aji suan ji wang luo@x情报检索 |
| 690 | @aG354.4@v4 | |
| 711 | 02 | @a南京航空航天大学图书馆@Anan jing hang kong hang tian da xue tu shu guan@4编 |
| 801 | 0 | @aCN@bTSU@c20061101 |
| 905 | @a10447@dG354.4@e107 | |
| 网络信息采集与应用/南京航空航天大学图书馆组编.-北京:清华大学出版社,2005 |
| 366页:图;26cm |
| ISBN 7-302-10861-7:CNY32.00 |
| 本书立足于网络信息资源的采集与应用,对网络信息资源概况、网络信息处理方式及关键技术进行了系统阐述,对网络信息检索工具的使用、联机检索技术及其应用、非WWW网络信息的采集和网络竞争情报的采集与分析进行了详细的讨论。 |
| ● |
| 相关链接 |
|
|
|
|
正题名:网络信息采集与应用
索取号:G354.4/107
 
预约/预借
| 序号 | 登录号 | 条形码 | 馆藏地/架位号 | 状态 | 备注 |
| 1 | 0386913 | 203869135 | 第一样本阅览室/ [索取号:G354.4/107] | 在馆 | |
| 2 | 0386914 | 203869144 | 第四借阅区/ [索取号:G354.4/107] | 在馆 | |
| 3 | 0386915 | 203869153 | 第四借阅区/ [索取号:G354.4/107] | 在馆 | |
| 4 | 0386916 | 203869162 | 第四借阅区/ [索取号:G354.4/107] | 在馆 | |
| 5 | 0386917 | 203869171 | 第四借阅区/ [索取号:G354.4/107] | 在馆 |